Normal view
MARC view
- Sakai, Komako,
Entry Nombre Personal
001 - NUMERO DE CONTROL
- campo de control: 35669
003 - IDENTIFICADOR DE NUMERO DE CONTROL
- campo de control: UPN
005 - FECHA Y HORA DE LA ÜLTIMA TRANSACCIÓN
- campo de control: 20210219194505.0
008 - DATOS DE LONGITUD FIJA
- campo de control de longitud fija: nabaccnnaabn|||||||||| b |nc|||||d
035 ## - NUMERO DE CONTROL
- Número de control: UPN11000007776
040 ## - FUENTE DE CATALOGACIÓN
- Lenguaje de catalogación: SPA
- Agencia de transcripción: UPN
100 1# - ENCABEZAMIENTO - NOMBRE PERSONAL
- Nombre personal: Sakai, Komako,
- Fechas asociadas con el nombre: 1966-
670 ## - FUENTE EN LA QUE SE LOCALIZARON DATOS
- Cita de la fuente: LC
680 ## - NOTA PUBLICA DE ACCESO PÚBLICO
- Frase explicativa de la referencia: Después de cursar sus estudios artísticos en la Universidad de Tokio, trabaja en el mundo de la moda en una empresa de kimonos de diseño textil. Empieza a ilustrar y escribir cuentos infantiles y en la actualidad es una de los autores para niños más populares en el Japón. Sus ilustraciones también han sido utilizados en publicidad.
902 ## - CATALOGADOR
- Catalogador: MITM/260814
